000 01425nam a22002417a 4500
005 20220520152136.0
008 211104b ||||| |||| 00| 0 eng d
020 _a9781847370754
040 _cAL
041 _aeng
082 _223
_a954.9092
_bBHUD
100 _aBenazir Bhutto
_938282
245 _aDaughter of the East:an autobiography
260 _aLondon
_bSimon and Schuster
_c2007
300 _axx,442 p.
_bPB
_c23x15 cm.
365 _b€12.99
_c
_d€12.99
520 _aBeautiful, charismatic, and the first and only woman to lead a post-colonial Muslim state, Benazir Bhutto achieved international renown in her native Pakistan until charges of corruption forced her into exile in the late 1990s. From her upbringing in one of Pakistan's richest families to her subsequent politicization and her arrest following her father's execution, Bhutto’s autobiography chronicles a life of strength, dedication, and courage in the face of adversity. This updated volume addresses her personal and political activities over the past two decades and how her country has changed since being thrust into international limelight following 9/11. Intriguing and impassioned, this is the life story of one of the most prominent female politicians of the 20th century.
650 _aPoliticians
_99725
650 _aPakistan
_99726
650 _aBiography
_99727
700 _aBHUTTO (Benazir)
_99728
942 _2ddc
_cGF
999 _c220397
_d220397